[Event "Berlin CupT"]
[Site "Berlin"]
[Date "2018.06.09"]
[Round "4.3"]
[White "Witte, Manfred"]
[Black "Perestjuk, Marko"]
[Result "0-1"]
[WhiteElo "2043"]
[BlackElo "2206"]
[PlyCount "66"]
[EventDate "2018.05.27"]
[EventType "team-k.o."]
[EventRounds "5"]
[EventCountry "GER"]
[SourceTitle "EXT 2022"]
[Source "ChessBase"]
[SourceDate "2021.10.06"]
[SourceVersion "1"]
[SourceVersionDate "2021.10.06"]
[SourceQuality "1"]
[WhiteTeam "Caissa/Hermsdorf"]
[BlackTeam "Spandau Zitadelle"]
[WhiteTeamCountry "GER"]
[BlackTeamCountry "GER"]

1. c4 c5 2. Nc3 Nf6 3. g3 d5 4. cxd5 Nxd5 5. Bg2 Nc7 6. Nf3 Nc6 7. 0-0 g6 8. d3 Bg7 9. Be3 b6 10. Qd2 0-0 11. Bh6 Bb7 12. Rab1 Rb8 13. a3 Ne6 14. Bxg7 Kxg7 15. b4 Ncd4 16. Nxd4 cxd4 17. Ne4 Qd5 18. Bf3 Qe5 19. Qb2 h5 20. Nd2 Rfc8 21. Rbc1 Rc3 22. Bxb7 Rxb7 23. Nb1 Rxc1 24. Rxc1 h4 25. e4 Rb8 26. Nd2 Qh5 27. Nb3 Rd8 28. Qd2 Rh8 29. Rc2 Ng5 30. Qe2 Nf3+ 31. Kh1 hxg3 32. fxg3 Qg4 33. Qf1 Qxg3 0-1

[Event "Berlin-ch Seniors op 33rd"]
[Site "Berlin"]
[Date "2017.02.06"]
[Round "6"]
[White "Wolf, Manfred"]
[Black "Witte, Manfred"]
[Result "0-1"]
[WhiteElo "2024"]
[BlackElo "2161"]
[PlyCount "98"]
[EventDate "2017.01.31"]
[EventType "swiss"]
[EventRounds "9"]
[EventCountry "GER"]
[SourceTitle "EXT 2019"]
[Source "ChessBase"]
[SourceDate "2018.10.10"]
[SourceVersion "1"]
[SourceVersionDate "2018.10.10"]
[SourceQuality "1"]

1. Nf3 c5 2. c4 Nc6 3. Nc3 g6 4. d4 cxd4 5. Nxd4 Bg7 6. e3 Nf6 7. Be2 0-0 8. 0-0 d5 9. cxd5 Nxd5 10. Nxd5 Qxd5 11. Bf3 Qc5 12. Nxc6 bxc6 13. Qa4 Rd8 14. Qxc6 Qxc6 15. Bxc6 Rb8 16. Ba4 Ba6 17. Re1 Bxb2 18. Bxb2 Rxb2 19. Reb1 Rdd2 20. Rxb2 Rxb2 21. Bb3 Bb5 22. h3 a5 23. Bd5 e6 24. Be4 a4 25. a3 Bc4 26. g3 e5 27. Rc1 Be6 28. Bc6 Bb3 29. Ra1 Kf8 30. Bf3 Ke7 31. Bd1 Bxd1 32. Rxd1 Rb3 33. Ra1 Kd6 34. Ra2 Rc3 35. Rd2+ Kc6 36. Ra2 Kc5 37. Rb2 Rxa3 38. Rb7 Rb3 39. Rxf7 a3 40. Rxh7 a2 41. Ra7 Rb1+ 42. Kg2 a1Q 43. Rxa1 Rxa1 44. f4 e4 45. g4 Ra2+ 46. Kg3 Re2 47. f5 gxf5 48. gxf5 Rxe3+ 49. Kg4 Kd5 0-1

[Event "GER-chT Seniors 25th"]
[Site "Magdeburg"]
[Date "2016.10.12"]
[Round "4.3"]
[White "Ditmas, Hugh"]
[Black "Witte, Manfred"]
[Result "1-0"]
[WhiteElo "1974"]
[BlackElo "2187"]
[PlyCount "82"]
[EventDate "2016.10.09"]
[EventType "team-swiss"]
[EventRounds "7"]
[EventCountry "GER"]
[SourceTitle "EXT 2019"]
[Source "ChessBase"]
[SourceDate "2018.10.10"]
[SourceVersion "1"]
[SourceVersionDate "2018.10.10"]
[SourceQuality "1"]
[WhiteTeam "Bremen"]
[BlackTeam "Berlin II"]
[WhiteTeamCountry "GER"]
[BlackTeamCountry "GER"]

1. d4 Nf6 2. c4 c5 3. d5 e6 4. Nc3 exd5 5. cxd5 d6 6. e4 g6 7. Nf3 Bg7 8. h3 0-0 9. Bd3 b5 10. Bxb5 Nxe4 11. Nxe4 Qa5+ 12. Nfd2 Qxb5 13. Nxd6 Qa6 14. N2c4 Nd7 15. 0-0 Ne5 16. Nxc8 Raxc8 17. Nxe5 Bxe5 18. Re1 Bd4 19. Qf3 Rcd8 20. Bg5 Rd7 21. Re7 Qb7 22. Rxd7 Qxd7 23. Re1 f6 24. Bf4 g5 25. Bc1 Rd8 26. b3 Be5 27. Bxg5 Qxd5 28. Qxd5+ Rxd5 29. Be3 Bc3 30. Rc1 Bb4 31. Kf1 Kf7 32. Ke2 Ke6 33. Rc4 a5 34. Rh4 Rd7 35. g4 a4 36. Rh5 axb3 37. axb3 Rb7 38. Kd3 Ba3 39. Kc4 Rd7 40. Bxc5 Bxc5 41. Kxc5 Rd3 1-0

[Event "Berlin-ch Seniors op 31st"]
[Site "Berlin"]
[Date "2015.02.04"]
[Round "6"]
[White "Witte, Manfred"]
[Black "Reichenbach, Werner"]
[Result "1/2-1/2"]
[WhiteElo "2034"]
[BlackElo "2159"]
[PlyCount "20"]
[EventDate "2015.01.29"]
[EventType "swiss"]
[EventRounds "9"]
[EventCountry "GER"]
[SourceTitle "EXT 2018"]
[Source "ChessBase"]
[SourceDate "2017.10.13"]
[SourceVersion "1"]
[SourceVersionDate "2017.10.13"]
[SourceQuality "1"]

1. e4 e5 2. Nf3 Nc6 3. Nc3 Nf6 4. d4 exd4 5. Nxd4 Bb4 6. Nxc6 bxc6 7. Bd3 d5 8. exd5 cxd5 9. 0-0 0-0 10. h3 c6 1/2-1/2

[Event "Berlin-ch Seniors op 31st"]
[Site "Berlin"]
[Date "2015.02.03"]
[Round "5"]
[White "Witte, Manfred"]
[Black "Wolf, Manfred"]
[Result "1-0"]
[WhiteElo "2034"]
[BlackElo "1884"]
[PlyCount "139"]
[EventDate "2015.01.29"]
[EventType "swiss"]
[EventRounds "9"]
[EventCountry "GER"]
[SourceTitle "EXT 2018"]
[Source "ChessBase"]
[SourceDate "2017.10.13"]
[SourceVersion "1"]
[SourceVersionDate "2017.10.13"]
[SourceQuality "1"]

1. e4 d6 2. d4 Nf6 3. Nc3 e5 4. Nf3 Nbd7 5. g3 c6 6. a4 b6 7. Bg2 Be7 8. 0-0 0-0 9. b3 Re8 10. Ba3 Qc7 11. Qd2 Bf8 12. Rad1 a6 13. Rfe1 Bb7 14. dxe5 dxe5 15. Bd6 Bxd6 16. Qxd6 Qxd6 17. Rxd6 Nc5 18. b4 Ncd7 19. Red1 Nf8 20. Nd2 Rab8 21. Nc4 Ba8 22. f3 b5 23. axb5 axb5 24. Na5 Rbc8 25. Nb3 Ne6 26. Bh3 Rcd8 27. Bxe6 Rxd6 28. Bxf7+ Kxf7 29. Rxd6 Ke7 30. Rd1 Nd7 31. Ra1 g5 32. Ra7 Kd6 33. Nd1 c5 34. bxc5+ Nxc5 35. Rxh7 Nxb3 36. cxb3 g4 37. Nf2 gxf3 38. Rf7 Rc8 39. Rxf3 Rc1+ 40. Kg2 Rc2 41. Rd3+ Ke6 42. Kf3 b4 43. h4 Bc6 44. g4 Bb5 45. Re3 Rd2 46. g5 Kf7 47. Ng4 Ke6 48. h5 Rd1 49. h6 Rh1 50. Kg2 Rh5 51. Nf2 Rxg5+ 52. Rg3 Rxg3+ 53. Kxg3 Kf6 54. Ng4+ Kg6 55. Nxe5+ Kxh6 56. Kf4 Kg7 57. Kf5 Be2 58. Nd7 Kf7 59. Ke5 Ke7 60. Nc5 Bd1 61. Kd5 Bf3 62. Kc4 Kd6 63. Kxb4 Be2 64. Na4 Ke5 65. Nc3 Bd3 66. Kc5 Ba6 67. b4 Bc8 68. b5 Bb7 69. Kb6 Bc8 70. Kc7 1-0

[Event "MVP-ch Seniors op 14th"]
[Site "Binz"]
[Date "2014.12.03"]
[Round "9"]
[White "Pape, Manfred"]
[Black "Witte, Manfred"]
[Result "1/2-1/2"]
[WhiteElo "1997"]
[BlackElo "2033"]
[PlyCount "20"]
[EventDate "2014.11.25"]
[EventType "swiss"]
[EventRounds "9"]
[EventCountry "GER"]
[SourceTitle "EXT 2016"]
[Source "ChessBase"]
[SourceDate "2015.10.08"]
[SourceVersion "1"]
[SourceVersionDate "2015.10.08"]
[SourceQuality "1"]

1. d4 Nf6 2. Nf3 c5 3. d5 e6 4. c4 exd5 5. cxd5 d6 6. Nc3 g6 7. g3 Bg7 8. Bg2 0-0 9. 0-0 Na6 10. Nd2 Nc7 1/2-1/2

[Event "MVP-ch Seniors op 14th"]
[Site "Binz"]
[Date "2014.11.28"]
[Round "4"]
[White "Witte, Manfred"]
[Black "Kuehn, Peter1111"]
[Result "1-0"]
[WhiteElo "2033"]
[BlackElo "1821"]
[PlyCount "81"]
[EventDate "2014.11.25"]
[EventType "swiss"]
[EventRounds "9"]
[EventCountry "GER"]
[SourceTitle "EXT 2016"]
[Source "ChessBase"]
[SourceDate "2015.10.08"]
[SourceVersion "1"]
[SourceVersionDate "2015.10.08"]
[SourceQuality "1"]

1. e4 c5 2. Nf3 e6 3. c3 Nf6 4. e5 Nd5 5. d4 cxd4 6. cxd4 Nc6 7. Nc3 Nxc3 8. bxc3 d6 9. exd6 Bxd6 10. Bd3 Be7 11. 0-0 0-0 12. Qe2 Bf6 13. Rb1 Re8 14. Bf4 g6 15. Be4 Qe7 16. Qc4 Nd8 17. Rfe1 Bg7 18. Bg3 f5 19. Bc2 Nf7 20. Ba4 Rf8 21. Ne5 Nd6 22. Qb4 a5 23. Qc5 f4 24. Bh4 Qxh4 25. Qxd6 Ra6 26. Qc7 Qd8 27. Qxd8 Rxd8 28. Nd3 g5 29. h4 h6 30. hxg5 hxg5 31. Nc5 Rad6 32. Nxb7 Bxb7 33. Rxb7 Rc8 34. Bb3 Rxc3 35. Bxe6+ Kh8 36. d5 f3 37. gxf3 Rxf3 38. Kg2 Rf6 39. Rh1+ Bh6 40. Rc1 Rf8 41. Rcc7 1-0

[Event "MVP-ch Seniors op 14th"]
[Site "Binz"]
[Date "2014.11.26"]
[Round "2"]
[White "Witte, Manfred"]
[Black "Bachmann, Rolf"]
[Result "0-1"]
[WhiteElo "2033"]
[BlackElo "1818"]
[PlyCount "108"]
[EventDate "2014.11.25"]
[EventType "swiss"]
[EventRounds "9"]
[EventCountry "GER"]
[SourceTitle "EXT 2016"]
[Source "ChessBase"]
[SourceDate "2015.10.08"]
[SourceVersion "1"]
[SourceVersionDate "2015.10.08"]
[SourceQuality "1"]

1. e4 Nf6 2. Nc3 d5 3. e5 Nfd7 4. f4 e6 5. Nf3 c5 6. d3 Nc6 7. g3 Be7 8. Bg2 0-0 9. 0-0 Rb8 10. Ne2 b5 11. c3 a5 12. Bh3 Qc7 13. Be3 Nb6 14. Bf2 Bd7 15. g4 Rfc8 16. Bg3 b4 17. f5 bxc3 18. bxc3 Bf8 19. Nf4 Nd8 20. Qd2 Na4 21. Rab1 Rxb1 22. Rxb1 Rb8 23. Rb3 Rb7 24. fxe6 fxe6 25. c4 d4 26. Bg2 Nc3 27. Ne2 Nxe2+ 28. Qxe2 a4 29. Rxb7 Qxb7 30. Qc2 Bc6 31. Ne1 Bxg2 32. Qxg2 Be7 33. Bf4 Qb1 34. Bg3 Bg5 35. h4 Be3+ 36. Kh2 Qb7 37. Qxb7 Nxb7 38. Kg2 Kf7 39. Kf3 Ke8 40. Bf4 Bxf4 41. Kxf4 Nd8 42. Ke4 Nc6 43. a3 Na5 44. Nf3 Nb3 45. Ng5 Ke7 46. Nxh7 Nd2+ 47. Kf4 Nb1 48. h5 Nxa3 49. g5 Nxc4 50. h6 Kf7 51. dxc4 a3 52. Nf8 gxh6 53. Nxe6 hxg5+ 54. Nxg5+ Ke7 0-1

[Event "MVP-ch Seniors op 14th"]
[Site "Binz"]
[Date "2014.11.25"]
[Round "1"]
[White "Husser, Oskar"]
[Black "Witte, Manfred"]
[Result "0-1"]
[WhiteElo "1655"]
[BlackElo "2033"]
[PlyCount "70"]
[EventDate "2014.11.25"]
[EventType "swiss"]
[EventRounds "9"]
[EventCountry "GER"]
[SourceTitle "EXT 2016"]
[Source "ChessBase"]
[SourceDate "2015.10.08"]
[SourceVersion "1"]
[SourceVersionDate "2015.10.08"]
[SourceQuality "1"]

1. Nf3 Nf6 2. c4 c5 3. Nc3 Nc6 4. g3 g6 5. Bg2 Bg7 6. 0-0 0-0 7. d4 cxd4 8. Nxd4 Qc7 9. Nxc6 bxc6 10. Qc2 Bb7 11. e4 d5 12. c5 d4 13. Na4 Ba6 14. Rd1 Rfd8 15. Bf1 Bb5 16. Bd3 Nd7 17. b4 a5 18. Nb2 axb4 19. Bd2 Rdb8 20. Bxb4 Ba4 21. Nxa4 Rxb4 22. Nb2 Ra5 23. Qd2 Rb8 24. Nc4 Rxc5 25. a4 Ne5 26. Nxe5 Bxe5 27. f4 Bg7 28. a5 Rc3 29. a6 c5 30. Rdb1 Rxb1+ 31. Rxb1 c4 32. Qa2 Qa7 33. Bxc4 d3+ 34. Kg2 Rc2+ 35. Kh3 Rxa2 0-1

[Event "Bad Woerishofen Seniors op 30th"]
[Site "Bad Woerishofen"]
[Date "2014.03.27"]
[Round "7"]
[White "Witte, Manfred"]
[Black "Baum, Bernd"]
[Result "1/2-1/2"]
[WhiteElo "2160"]
[BlackElo "2302"]
[PlyCount "47"]
[EventDate "2014.03.21"]
[EventType "swiss"]
[EventRounds "9"]
[EventCountry "GER"]
[SourceTitle "EXT 2019"]
[Source "ChessBase"]
[SourceDate "2018.10.10"]
[SourceVersion "1"]
[SourceVersionDate "2018.10.10"]
[SourceQuality "1"]

1. e4 c5 2. c3 d5 3. exd5 Qxd5 4. d4 g6 5. Nf3 Bg7 6. Na3 cxd4 7. Bc4 Qd8 8. Nxd4 Nf6 9. 0-0 0-0 10. Bf4 a6 11. Qf3 Nbd7 12. Rfe1 Re8 13. Bg5 e5 14. Ndc2 Rb8 15. Rad1 h6 16. Bh4 Qe7 17. Ne3 Nb6 18. Bb3 Bd7 19. Nac4 Bc6 20. Qe2 Nxc4 21. Bxc4 Rbd8 22. Nd5 Bxd5 23. Rxd5 Rxd5 24. Bxf6 1/2-1/2

[Event "Berlin-ch Seniors op 30th"]
[Site "Berlin"]
[Date "2014.01.31"]
[Round "2"]
[White "Ollek, Karl Heinz"]
[Black "Witte, Manfred"]
[Result "0-1"]
[WhiteElo "1546"]
[BlackElo "2140"]
[PlyCount "74"]
[EventDate "2014.01.30"]
[EventType "swiss"]
[EventRounds "9"]
[EventCountry "GER"]
[SourceTitle "EXT 2018"]
[Source "ChessBase"]
[SourceDate "2017.10.13"]
[SourceVersion "1"]
[SourceVersionDate "2017.10.13"]
[SourceQuality "1"]

1. c4 Nf6 2. d4 c5 3. e3 g6 4. Nf3 Bg7 5. Be2 0-0 6. 0-0 cxd4 7. Nxd4 Nc6 8. b3 Nxd4 9. exd4 d5 10. c5 Ne4 11. Bb2 Nxc5 12. Nc3 Ne6 13. Na4 Bd7 14. Qd2 Bxa4 15. bxa4 Qd6 16. Rfe1 Rac8 17. Rac1 Rc6 18. Rxc6 Qxc6 19. Bb5 Qd6 20. Qe3 Bf6 21. Ba3 Qb6 22. Bc5 Qc7 23. Rd1 b6 24. Ba3 Qc2 25. Rd2 Qb1+ 26. Bf1 Rc8 27. g3 Rc4 28. Kg2 Rxd4 29. Rxd4 Bxd4 30. Qb3 Qe1 31. Qc2 Nc5 32. Qe2 Qxe2 33. Bxe2 e6 34. a5 Ne4 35. f3 Nc3 36. axb6 Nxe2 37. bxa7 Bxa7 0-1